Statistics for The Big Fat West Ham United Quiz

Click here to take the quiz!

General Stats

  • This quiz has been taken 83 times
  • The average score is 13 of 50

Answer Stats

Answer% Correct
How many times have the Hammers featured in an FA Cup final?5
97%
What is the club's highest finishing position in the top tier of English football?3rd
78%
Which former Hammers captain faced them in the 1975 FA Cup final vs Fulham?Bobby Moore
77%
Who has made the most appearances for West Ham?Billy Bonds
59%
Which player is showcased below the digital wrap screen on the London Stadium exterior?Mark Noble
49%
Who was our top goalscorer for 6 consecutive seasons?Geoff Hurst
47%
Where was West Ham's home of 112 years?The Boleyn Ground
47%
Who is the club's all time top scorer?Vic Watson
45%
In 1964, who did West Ham share their only Community Shield win with?Liverpool FC
44%
Who has won Hammer of the Year the most times?Trevor Brooking
44%
Who has both the most goals and the most assists in the Premier League for West Ham?Paolo Di Canio
41%
Who did West Ham first play at Wembley?Bolton Wanderers
40%
Which fellow London side used the ground as a home venue in 1991 and 1992?Charlton Athletic
37%
Which player was sold by West Ham for the highest fee?Dimitri Payet
34%
Who is Ginger Pele?James Collins
33%
What was the area along the touchline of the East Stand known as?The Chicken Run
33%
Which player(s) did West Ham fans sing about to the tune of a Spandau Ballet song?Joe and Carlton Cole
32%
The ArcelorMittal Orbit can be found on which side of London Stadium?East
29%
Which coach was known was known as "The Terminator" in their playing days?Julian Dicks
27%
Who has the most appearances for the club without winning the Hammer of the Year award?Frank Lampard Sr
26%
Who has managed the most games for the club?John Lyall
26%
Who was made the most expensive goalkeeper when West Ham bought him in 1979?Phil Parkes
26%
Which former West Ham keeper "comes from near Moscow"?Luděk Mikloško
23%
Who's winning goal made us the first team to win at the The Emirates Stadium?Bobby Zamora
22%
Who is the only other player to have a number retired in their honour?Dylan Tombides
22%
Who was West Ham's first non-British manager?Gianfranco Zola
22%
Which is the only side England have played here, losing 3-1 in 2003?Australia
19%
Who did West Ham beat 5-0 on aggregate in the Championship play-offs of 2012?Cardiff City
19%
Who scored the first goal for the hammers at London Stadium?Cheikhou Kouyaté
19%
Who did West Ham play in their last visit to Wembley Stadium?Blackpool
16%
Which Monty Python star is a famous West Ham fan?John Cleese
15%
What is the name of the well known Pie & Mash shop on Barking Road?Nathan's
15%
West Ham have made an appearance in which cartoon series?The Simpsons
15%
In what year did we last win a league title?1981
14%
Which former player is known as Judas?Paul Ince
14%
Who did West Ham beat 6-0 in 1998 for their biggest win in the Premier League?Barnsley
12%
Who was the last player to wear number 6 before it was retired?Matthew Upson
12%
The 2006/07 season has been given what title by West Ham fans?The Great Escape
12%
Which market is found just outside Upton Park tube station?Queen's Market
11%
Who is the club's most expensive player?André Ayew
8%
Which non-West Ham player appearers in the 1966 Champions Statue?Ray Wilson
8%
Which London Underground station is closest to London Stadium?Pudding Mill Lane
7%
Which park can be found less than a mile west of London Stadium?Victoria Park
7%
Who celebrated a goal at Mark Noble's testimonial by taking a selfie?Diafra Sakho
5%
Which Harry Potter character is a known West Ham fan?Dean Thomas
4%
After redevelpoment in 1995, what was the North Stand renamed?The Centenary Stand
4%
Who was the first player to be shown a red card at London Stadium?Harry Arter
3%
Which Royal Navy ship did Thames Ironworks build for launch in 1860?HMS Warrior
1%
Thames Ironworks FC's first match was a 5-0 loss against who?Chatham
0%
Mark Noble played his 400th match for West Ham against which side?Swansea City
0%

Score Distribution

Percentile by Number Answered

Percent of People with Each Score

Your Score History

You have not taken this quiz